000 00640nam a2200217 a 4500
001 BRCA_7335
005 20190320205810.0
008 250812s2012----mx-a######---#000-0#spa-#
020 _a9788495241993
041 _aspa
044 _amx
050 4 _aN6512.5
_b.S87 2012
245 1 0 _aSurrealismo
_bvasos comunicantes.
260 _aMéxico
_bEl Viso
_c2012
300 _a315 p.
_bil. (algunas a color)
_c31 cm.
500 _aIncluye semblanza de autores y lista de obra
500 _a2do. ejemplar en el Área de Investigación
650 1 4 _aSurrealismo
_vCatálogos
_918137
710 2 _aMuseo Nacional de Arte
_918138
942 _2lcc
_cB
999 _c7011
_d7011